000 00662nam a22002177a 4500
003 KOHA_MİRAKIL
005 20260406074948.0
008 260406b tu ||||| |||| 00| 0 tur d
020 _a9786058200609
040 _aTR-AnABB
_btur
_cTR-AnABB
041 _atur
082 _a351.5609
_bGUR 2017
100 1 _aGürsoy, Erol Zihni
245 1 0 _aBir idarecinin izleri ve izlenimleri /
_cErol Zihni Gürsoy
260 _aAnkara :
_bÖzyurt,
_c2017
300 _a383 sayfa :
_bfotoğraflı ;
_c20 cm
500 _aErol Zihni Gürsoy imzalı.
650 0 4 _aKamu yönetimi, Türkiye
650 0 4 _aGürsoy, Erol Zihni, Anı
942 _2ddc
_cBK
999 _c10142
_d10142
900 _bCan ÇELIK